000
00261nam a2200097Ia 4500
082
_a
J 796.22 BECK
245
0
_a
Skateboarding science
100
_a
Becker, Helaine New York, [c.2009]
_9
95340
942
_c
BK
008
210817s9999 xx 000 0 und d
999
_c
395177
_d
395176